000 00936nam a22001697a 4500
003 URS
005 20250916124920.0
008 250916b |||||||| |||| 00| 0 eng d
100 _aArabit, Almira P.
245 _aProduction of Self-Defense Spray in Binangonan, Rizal |
_cAlmira P. Arabit, Mikko V. Cariaga, Sean Alberth Z. Corral
260 _c2025
300 _axiv, 147 pages.
502 _aFeasibility Study
_bBachelor of Science in Accountancy
_cUniversity of Rizal System
_d2025
520 _aThe study aimed to assess the feasibility of producing self-defense spray in Binangonan, Rizal. The proposed business, Paviza, will operate as a sole proprietorship specializing in the production and sale of a self-defense spray. This spray is designed to serve as a personal safety tool, offering an effective and affordable alternative to conventional self-defense products.
700 _aSusan D. Cadiente
_eAdviser
942 _2lcc
_cT
999 _c86879
_d86877